| 000 | 00574nam a2200157Ia 4500 | ||
|---|---|---|---|
| 008 | 100122s9999 xx 000 0 und d | ||
| 082 |
_b58269 _a823 |
||
| 100 | _aपांढरीपांडे विजय | ||
| 245 | _aनव्या शतकाच्या उंबरठयावर | ||
| 250 | _a0 | ||
| 260 |
_bमेनका प्रकाशन _c2000 |
||
| 300 | _a300 | ||
| 630 | _aनव्या शतकाच्या उंबरठयावर | ||
| 730 | _aनव्या शतकाच्या उंबरठयावर | ||
| 942 | _cBOOK | ||
| 999 |
_c434263 _d434260 |
||